01390nam a2200313Ia 4500001001200000003000800012006001900020007001500039008004100054020001500095040002100110035002000131050002500151245016100176260004300337300001100380500010300391504004100494533015200535650006400687650004900751655002900800700003900829700002000868700002600888710001700914856012600931999001901057ebr10044868CaPaEBRm u cr cn|||||||||031216s2001 nyu gsb 100 0 eng d z033396389X aCaPaEBRcCaPaEBR a(OCoLC)5566433014aHD62.4b.M844 2001eb00aMultinationals in a new erah[electronic resource] :binternational strategy and management /cedited by J.H. Taggart, Maureen Berry, and Michael McDermott. aNew York :bPalgrave Macmillan,c2001. a299 p. aPapers from the 27th Annual Conference of the UK Chapter of the Academy of International Business. aIncludes bibliographical references. aElectronic reproduction.bPalo Alto, Calif. :cebrary,d2009.nAvailable via World Wide Web.nAccess may be limited to ebrary affiliated libraries. 0aInternational business enterprisesxManagementvCongresses. 0aGlobalizationxEconomic aspectsvCongresses. 7aElectronic books.2local1 aTaggart, J. H.q(James H.),d1943-1 aBerry, Maureen.1 aMcDermott, Michael C.2 aebrary, Inc.40uhttp://site.ebrary.com/lib/rucke/Doc?id=10044868zAn electronic book accessible through the World Wide Web; click to view c179319d179319